Real Madrid CF Femenino Squad 2023-2024 - Statistics

General Stats
  • This quiz has been taken 30 times
  • The average score is 13 of 23
Answer Stats
# Position Nation Player % Correct
7 DF Spain Olga Carmona
95%
22 FW Spain Athenea del Castillo
90%
18 FW Colombia Linda Caicedo
86%
1 GK Spain Misa
86%
10 MF Scotland Caroline Weir
81%
5 DF Spain Ivana Andrés
62%
20 FW France Naomie Feller
62%
16 FW Denmark Caroline Møller
57%
2 DF Mexico Kenti Robles
57%
23 DF Denmark Sofie Svava
57%
3 MF Spain Teresa Abelleira
57%
12 FW Australia Hayley Raso
52%
6 MF France Sandie Toletti
52%
9 FW Denmark Signe Bruun
52%
8 MF Spain Maite Oroz
48%
14 DF Brazil Kathellen Sousa
43%
11 DF Spain Oihane Hernández
43%
4 DF Spain Rocío Gálvez
43%
21 MF Spain Claudia Zornoza
38%
- Coach Spain Alberto Toril
33%
17 FW Spain Carla Camacho
33%
13 GK France Mylène Chavas
33%
24 MF Sweden Freja Olofsson
19%
No matching quizzes found
Score Distribution
Percent of People with Each Score
Percentile by Number Answered
Your Score History
You have not taken this quiz